000 00502nam a2200169Ia 4500
999 _c28193
_d28193
003 OSt
005 20260305114710.0
008 190216s9999||||xx |||||||||||||| ||und||
040 _coclc
082 _a894.812301
_bNAI/V
100 1 _aVāsudēvan Nāyar, Eṃ. Ti.,
_d1933-
_99426
245 0 _aVanaprastham /
_cM T Vasudevan Nair
260 _bCurrent Books,
_aThrissur:
_c2003.
300 _a96p
650 _aKathakal
942 _cBK
_2ddc
_h894.812301
_iNAI/V
_k894.812301
_mNAI/V